Essentials of Enterprenueship and Small Business Management (Record no. 3975)

MARC details
000 -LEADER
fixed length control field 00396nam a22001457a 4500
008 - FIXED-LENGTH DATA ELEMENTS--GENERAL INFORMATION
fixed length control field 250626b |||||||| |||| 00| 0 eng d
020 ## - INTERNATIONAL STANDARD BOOK NUMBER
ISBN 0131440292
100 ## - MAIN ENTRY--AUTHOR
Author ZIMMERER, Thomas
245 ## - TITLE STATEMENT
Title Essentials of Enterprenueship and Small Business Management
250 ## - EDITION STATEMENT
Edition statement 4th Edition
260 ## - PUBLICATION, DISTRIBUTION, ETC. (IMPRINT)
Place of publication U.S.A
Name of publisher Pearson Prentice Hall
Date of publication 2005
300 ## - COLLATION
Pagination xiv, 578p.
942 ## - ADDED ENTRY ELEMENTS (KOHA)
Item type Books
050 ## - LIBRARY OF CONGRESS CALL NUMBER
Classification number HD62.7
Item number .Z56
Holdings
Source of classification or shelving scheme Not for loan Permanent location Current location Date acquired Accession No. Full call number Barcode. Koha item type
Library of Congress Classification   Samuel Ogbemudia Main Library, University of Abuja Samuel Ogbemudia Main Library, University of Abuja 06/26/2025 2009-39075 HD62.7.Z56 2025-2683 Books